Statistics for 「東京」を名称に含む大学

Click here to take the quiz!

General Stats

  • This quiz has been taken 13 times
  • The average score is 18 of 43

Answer Stats

種別本部所在地大学名% Correct
公立大学東京都八王子市東京都立大学
100%
国立大学東京都文京区東京大学
100%
私立大学東京都新宿区東京理科大学
90%
国立大学東京都目黒区東京工業大学/東京科学大学
90%
私立大学東京都新宿区東京医科大学
80%
国立大学東京都台東区東京藝術大学
80%
私立大学東京都世田谷区東京農業大学
70%
国立大学東京都文京区東京医科歯科大学/東京科学大学
70%
私立大学東京都目黒区東京音楽大学
70%
私立大学東京都新宿区東京国際大学
70%
国立大学東京都府中市東京外国語大学
70%
国立大学東京都小金井市東京学芸大学
70%
私立大学東京都千代田区東京歯科大学
60%
国立大学東京都港区東京海洋大学
60%
私立大学東京都国分寺市東京経済大学
60%
私立大学東京都杉並区東京女子大学
60%
私立大学群馬県伊勢崎市東京福祉大学
50%
国立大学東京都府中市東京農工大学
50%
私立大学東京都八王子市東京工科大学
50%
公立大学山口県山陽小野田市山陽小野田市立山口東京理科大学
40%
私立大学東京都八王子市東京薬科大学
40%
私立大学東京都足立区東京電機大学
40%
私立大学東京都新宿区東京女子医科大学
40%
公立大学長野県茅野市公立諏訪東京理科大学
40%
私立大学千葉県千葉市東京情報大学
30%
私立大学東京都中野区東京工芸大学
30%
私立大学千葉県印西市東京基督教大学
30%
私立大学東京都板橋区東京家政大学
30%
私立大学東京都世田谷区東京都市大学
20%
私立大学東京都足立区東京未来大学
20%
私立大学東京都新宿区東京富士大学
20%
私立大学東京都新宿区東京通信大学
20%
私立大学東京都多摩市東京医療学院大学
10%
私立大学東京都品川区東京医療保健大学
10%
私立大学東京都港区東京慈恵会医科大学
10%
私立大学東京都八王子市東京造形大学
10%
私立大学東京都北区東京成徳大学
10%
私立大学東京都三鷹市東京神学大学
10%
私立大学東京都国立市東京女子体育大学
10%
私立大学東京都江東区東京有明医療大学
10%
私立大学東京都町田市東京家政学院大学
10%
私立大学東京都八王子市東京純心大学
0%
私立大学東京都葛飾区東京聖栄大学
0%

Score Distribution

Percentile by Number Answered

Percent of People with Each Score

Your Score History

You have not taken this quiz